Moving from projects to programmatic aid

Spremljeno u:
Bibliografski detalji
Glavni autor: Jones, Stephen
Format: Knjiga
Jezik:Undetermined
Izdano: Washington, D.C. The World Bank 2000
Teme:
Oznake: Dodaj oznaku
Bez oznaka, Budi prvi tko označuje ovaj zapis!
Thư viện lưu trữ: Trung tâm Học liệu Trường Đại học Cần Thơ
LEADER 00576nam a2200193Ia 4500
001 CTU_97066
008 210402s9999 xx 000 0 und d
082 |a 332.1532 
082 |b J79 
100 |a Jones, Stephen 
245 0 |a Moving from projects to programmatic aid 
245 0 |c Stephen Jones, Andrew Lawson 
260 |a Washington, D.C. 
260 |b The World Bank 
260 |c 2000 
650 |a The World Bank,Economic assistance 
650 |x Economic assistance,Developing countries 
904 |i Minh 
980 |a Trung tâm Học liệu Trường Đại học Cần Thơ